KOHA-Header-6

Data Analysis Using SQL & Excel (Record no. 794)

000 -LEADER
fixed length control field 00302nam a2200121Ia 4500
008 - FIXED-LENGTH DATA ELEMENTS--GENERAL INFORMATION
fixed length control field 190722s9999 xx 000 0 und d
020 ## - INTERNATIONAL STANDARD BOOK NUMBER
International Standard Book Number 978-81-265-5948-0
100 ## - MAIN ENTRY--PERSONAL NAME
Personal name Gordon S.Linoff
245 #0 - TITLE STATEMENT
Title Data Analysis Using SQL & Excel
260 ## - PUBLICATION, DISTRIBUTION, ETC. (IMPRINT)
Place of publication, distribution, etc Delhi
Name of publisher, distributor, etc Wiley India
Date of publication, distribution, etc 2016
300 ## - PHYSICAL DESCRIPTION
Extent 744
942 ## - ADDED ENTRY ELEMENTS (KOHA)
Koha item type Books
Holdings
Withdrawn status Lost status Source of classification or shelving scheme Damaged status Not for loan Collection code Permanent Location Current Location Shelving location Date acquired Full call number Barcode Date last seen Price effective from Koha item type
          Computer Science MAJU MAJU Shelf No.A33 2019-07-22 5.756 7420 2019-07-22 2019-07-22 Computer Science

Powered by Koha